[Event "Monarch Assurance Isle of Man 10th"]
[Site "Port Erin IOM"]
[Date "2001.09.29"]
[Round "1.23"]
[White "McNally, Bruce"]
[Black "Isherwood, Paul"]
[Result "1-0"]
[WhiteElo "2010"]
[BlackElo "2172"]
[PlyCount "85"]
[EventDate "2001.09.29"]
[EventType "swiss"]
[EventRounds "9"]
[EventCountry "IOM"]
[SourceTitle "BritBase"]
[SourceDate "2008.07.14"]
[SourceVersion "1"]
[SourceVersionDate "2008.07.14"]
[SourceQuality "2"]

1. d4 d5 2. Nf3 Nf6 3. e3 e6 4. Bd3 c5 5. c3 Nc6 6. Nbd2 Qc7 7. O-O Bd6 8. dxc5
Bxc5 9. e4 O-O 10. Qe2 dxe4 11. Nxe4 Nxe4 12. Bxe4 f5 13. Bxc6 Qxc6 14. Be3 b6
15. Bxc5 bxc5 16. Ne5 Qa4 17. c4 Bb7 18. b3 Qe8 19. Rad1 Rd8 20. Rfe1 Qe7 21.
Rxd8 Qxd8 22. Rd1 Qg5 23. f3 Rd8 24. Rxd8+ Qxd8 25. Qd3 Qc7 26. Qd7 Qc8 27.
Qxc8+ Bxc8 28. Kf2 Kf8 29. Nd3 Ke7 30. Nxc5 Kd6 31. b4 g5 32. Ke3 e5 33. g3 f4+
34. gxf4 exf4+ 35. Kd4 h6 36. Ne4+ Ke6 37. a4 Ke7 38. a5 Bh3 39. b5 Bg2 40. b6
axb6 41. a6 Bxf3 42. a7 Bxe4 43. Kxe4 1-0

[Event "Monarch Assurance Isle of Man 10th"]
[Site "Port Erin IOM"]
[Date "2001.09.29"]
[Round "1.24"]
[White "Valenti, Richard"]
[Black "Van Kemenade, Rudy"]
[Result "1-0"]
[WhiteElo "2143"]
[BlackElo "1992"]
[PlyCount "31"]
[EventDate "2001.09.29"]
[EventType "swiss"]
[EventRounds "9"]
[EventCountry "IOM"]
[SourceTitle "BritBase"]
[SourceDate "2008.07.14"]
[SourceVersion "1"]
[SourceVersionDate "2008.07.14"]
[SourceQuality "2"]

1. e4 e5 2. Nc3 Nf6 3. f4 d5 4. fxe5 Nxe4 5. Nf3 Be7 6. Qe2 f5 7. d3 Nc5 8. Bf4
c6 9. g3 Nba6 10. h4 Qb6 11. Rb1 Ne6 12. Qd2 d4 13. Ne2 Bb4 14. c3 dxc3 15.
bxc3 Nxf4 16. gxf4 1-0

[Event "Monarch Assurance Isle of Man 10th"]
[Site "Port Erin IOM"]
[Date "2001.09.29"]
[Round "1.25"]
[White "Nicholson, John"]
[Black "Goodger, Martyn"]
[Result "0-1"]
[WhiteElo "1865"]
[BlackElo "2136"]
[PlyCount "48"]
[EventDate "2001.09.29"]
[EventType "swiss"]
[EventRounds "9"]
[EventCountry "IOM"]
[SourceTitle "BritBase"]
[SourceDate "2008.07.14"]
[SourceVersion "1"]
[SourceVersionDate "2008.07.14"]
[SourceQuality "2"]

1. e4 d5 2. exd5 Nf6 3. Nf3 Nxd5 4. d4 g6 5. c4 Nb6 6. Be3 Bg7 7. Qd2 O-O 8.
Nc3 Nc6 9. Be2 Bg4 10. O-O-O Qd7 11. d5 Bxf3 12. gxf3 Ne5 13. b3 c6 14. h3 cxd5
15. Nxd5 Nxd5 16. Qxd5 Qc7 17. f4 {(=)} Nc6 18. Rd2 Rfd8 19. Qe4 Rxd2 20. Bxd2
Rd8 21. Rd1 Qd6 22. Qb1 Qa3+ 23. Kc2 Nd4+ 24. Kd3 Nxb3+ 0-1

[Event "Monarch Assurance Isle of Man 10th"]
[Site "Port Erin IOM"]
[Date "2001.09.29"]
[Round "1.26"]
[White "Coathup, Roger"]
[Black "Dossett, Chris"]
[Result "1-0"]
[WhiteElo "2130"]
[BlackElo "1768"]
[PlyCount "107"]
[EventDate "2001.09.29"]
[EventType "swiss"]
[EventRounds "9"]
[EventCountry "IOM"]
[SourceTitle "BritBase"]
[SourceDate "2008.07.14"]
[SourceVersion "1"]
[SourceVersionDate "2008.07.14"]
[SourceQuality "2"]

1. d4 Nf6 2. c4 e5 3. dxe5 Ng4 4. e6 dxe6 5. Qxd8+ Kxd8 6. Nf3 Bc5 7. e3 Nc6 8.
Be2 Nb4 9. Na3 Ke7 10. O-O Rd8 11. Nb5 c6 12. Nbd4 e5 13. Nb3 Bd6 14. h3 Nf6
15. Bd2 Na6 16. Bc3 Nd7 17. Rfd1 f6 18. a3 Ndc5 19. Nxc5 Nxc5 20. b4 Na4 21.
Be1 Be6 22. Rdc1 Bc7 23. Rab1 Nb6 24. e4 Rac8 25. c5 Na8 26. Nd2 Bb8 27. Nc4
Rd4 28. f3 Bxc4 29. Bxc4 Nc7 30. Bf2 Rd7 31. Rd1 Rcd8 32. Rxd7+ Rxd7 33. Kf1 a6
34. a4 Ba7 35. Ke2 Ne6 36. Rb2 Nf4+ 37. Kf1 Nd3 38. Bxd3 Rxd3 39. b5 axb5 40.
axb5 Kd7 41. b6 Bb8 42. Ra2 Kc8 43. Ke2 Rd7 44. Rd2 Rxd2+ 45. Kxd2 Kd7 46. Ke3
Ke6 47. Be1 Ke7 48. Kf2 Ke6 49. Kg3 Kf7 50. Kh4 Kg6 51. Bd2 Kf7 52. Kh5 g5 53.
Kh6 Kg8 54. Be1 1-0

[Event "Monarch Assurance Isle of Man 10th"]
[Site "Port Erin IOM"]
[Date "2001.09.29"]
[Round "1.27"]
[White "Ormsby, Alan"]
[Black "May, Frank"]
[Result "0-1"]
[WhiteElo "1720"]
[BlackElo "2125"]
[PlyCount "50"]
[EventDate "2001.09.29"]
[EventType "swiss"]
[EventRounds "9"]
[EventCountry "IOM"]
[SourceTitle "BritBase"]
[SourceDate "2008.07.14"]
[SourceVersion "1"]
[SourceVersionDate "2008.07.14"]
[SourceQuality "2"]

1. e4 Nf6 2. e5 Nd5 3. d4 d6 4. c4 Nb6 5. exd6 cxd6 6. Nc3 g6 7. Bd3 Bg7 8.
Nge2 O-O 9. O-O e5 10. d5 N8d7 11. a4 Nf6 12. f4 e4 13. Nxe4 Nxe4 14. Bxe4 Nxc4
15. Qb3 Qc7 16. Kh1 Re8 17. Bf3 a6 18. Nc3 Bd7 19. Ne4 Rac8 20. Rd1 Bf5 21. Nc3
Na5 22. Qb4 Bc2 23. Rg1 Nb3 24. Ra3 Nd4 25. Bd1 a5 0-1

[Event "Monarch Assurance Isle of Man 10th"]
[Site "Port Erin IOM"]
[Date "2001.09.29"]
[Round "1.28"]
[White "Bolt, Graham"]
[Black "Waugh, Jonathon C"]
[Result "1-0"]
[WhiteElo "2124"]
[BlackElo "1672"]
[PlyCount "100"]
[EventDate "2001.09.29"]
[EventType "swiss"]
[EventRounds "9"]
[EventCountry "IOM"]
[SourceTitle "BritBase"]
[SourceDate "2008.07.14"]
[SourceVersion "1"]
[SourceVersionDate "2008.07.14"]
[SourceQuality "2"]

1. e4 c5 2. Nf3 d6 3. d4 cxd4 4. Nxd4 Nf6 5. Nc3 g6 6. Be3 Bg7 7. Be2 O-O 8.
O-O Nc6 9. Qd2 Ng4 10. Nxc6 bxc6 11. Bf4 Be6 12. Bxg4 Bxg4 13. Bh6 Qb6 14. Bxg7
Kxg7 15. Na4 Qb5 16. b3 Rfe8 17. c4 Qb7 18. Rac1 Rad8 19. h3 Bc8 20. Nc3 Qb6
21. Rfd1 Bb7 22. Na4 Qa6 23. Qc3+ Kg8 24. Qe3 c5 25. Nc3 Qc6 26. f3 Qc8 27. Rd2
a6 28. Rcd1 Qe6 29. Qf4 Rc8 30. Qg3 Bc6 31. Re1 Qf6 32. f4 Rf8 33. e5 dxe5 34.
fxe5 Qe6 35. Red1 Qf5 36. Nd5 Qe6 37. Qg5 Rfe8 38. Nf4 Qf5 39. Qxf5 gxf5 40.
Nh5 Kh8 41. Rf1 Be4 42. Ng3 e6 43. Nxe4 fxe4 44. Rxf7 e3 45. Re2 Rcd8 46. Rxe3
Rd2 47. Rf2 Rd1+ 48. Kh2 Re7 49. Rf8+ Kg7 50. Ra8 Rf7 1-0

[Event "Monarch Assurance Isle of Man 10th"]
[Site "Port Erin IOM"]
[Date "2001.09.30"]
[Round "2.1"]
[White "Gleizerov, Evgeny"]
[Black "Stocek, Jiri"]
[Result "1/2-1/2"]
[WhiteElo "2587"]
[BlackElo "2530"]
[PlyCount "29"]
[EventDate "2001.09.29"]
[EventType "swiss"]
[EventRounds "9"]
[EventCountry "IOM"]
[SourceTitle "BritBase"]
[SourceDate "2008.07.14"]
[SourceVersion "1"]
[SourceVersionDate "2008.07.14"]
[SourceQuality "2"]

1. d4 Nf6 2. c4 e6 3. g3 c5 4. d5 exd5 5. cxd5 b5 6. Bg2 d6 7. e4 Nbd7 8. Nf3
Rb8 9. O-O Be7 10. Re1 O-O 11. a3 Re8 12. Nc3 Qc7 13. Bf4 Bf8 14. Rc1 b4 15.
axb4 1/2-1/2

[Event "Monarch Assurance Isle of Man 10th"]
[Site "Port Erin IOM"]
[Date "2001.09.30"]
[Round "2.2"]
[White "Galkin, Alexander"]
[Black "Brodsky, Michail"]
[Result "1/2-1/2"]
[WhiteElo "2583"]
[BlackElo "2528"]
[PlyCount "26"]
[EventDate "2001.09.29"]
[EventType "swiss"]
[EventRounds "9"]
[EventCountry "IOM"]
[SourceTitle "BritBase"]
[SourceDate "2008.07.14"]
[SourceVersion "1"]
[SourceVersionDate "2008.07.14"]
[SourceQuality "2"]

1. e4 c5 2. Nf3 Nc6 3. d4 cxd4 4. Nxd4 e5 5. Nb5 d6 6. c4 Be7 7. b3 Nf6 8. Bd3
O-O 9. O-O Bg4 10. f3 Be6 11. Be3 Nh5 12. Qd2 h6 13. N1c3 a6 1/2-1/2

[Event "Monarch Assurance Isle of Man 10th"]
[Site "Port Erin IOM"]
[Date "2001.09.30"]
[Round "2.6"]
[White "Kiriakov, Petr"]
[Black "Willmoth, Robert"]
[Result "1-0"]
[WhiteElo "2548"]
[BlackElo "2239"]
[PlyCount "77"]
[EventDate "2001.09.29"]
[EventType "swiss"]
[EventRounds "9"]
[EventCountry "IOM"]
[SourceTitle "BritBase"]
[SourceDate "2008.07.14"]
[SourceVersion "1"]
[SourceVersionDate "2008.07.14"]
[SourceQuality "2"]

1. d4 d6 2. Nf3 Bg4 3. e3 Nd7 4. Be2 e5 5. dxe5 dxe5 6. Nxe5 Bxe2 7. Qxd7+ Qxd7
8. Nxd7 O-O-O 9. Kxe2 Rxd7 10. b3 f5 11. Bb2 Nh6 12. Nd2 Bc5 13. Nc4 Re8 14.
Rad1 g6 15. Ne5 Rxd1 16. Rxd1 Bd6 17. Rd5 a6 18. h3 Re6 19. Nc4 Nf7 20. Nxd6+
Rxd6 21. Rxd6 cxd6 22. e4 Kd7 23. exf5 gxf5 24. Ke3 Ke6 25. Kf4 d5 26. f3 b5
27. Bd4 Nd8 28. h4 Nc6 29. c3 b4 30. Ke3 Kf7 31. h5 Ke6 32. g4 fxg4 33. fxg4 a5
34. g5 Kf7 35. Kf4 Ke6 36. g6 hxg6 37. h6 Nxd4 38. cxd4 Kf6 39. Kg4 1-0

[Event "Monarch Assurance Isle of Man 10th"]
[Site "Port Erin IOM"]
[Date "2001.09.30"]
[Round "2.7"]
[White "Smith, Andrew P"]
[Black "Tiviakov, Sergei"]
[Result "0-1"]
[WhiteElo "2234"]
[BlackElo "2618"]
[PlyCount "62"]
[EventDate "2001.09.29"]
[EventType "swiss"]
[EventRounds "9"]
[EventCountry "IOM"]
[SourceTitle "BritBase"]
[SourceDate "2008.07.14"]
[SourceVersion "1"]
[SourceVersionDate "2008.07.14"]
[SourceQuality "2"]

1. e4 c5 2. Nf3 d6 3. d4 cxd4 4. Nxd4 Nf6 5. Nc3 g6 6. Nd5 Bg7 7. Nxf6+ Bxf6 8.
Bh6 Qb6 9. c3 Qxb2 10. Bb5+ Nd7 11. Rc1 Qa3 12. O-O a6 13. Ba4 Qc5 14. Qd2 b5
15. Bb3 Bb7 16. Rfe1 Nb6 17. f4 Rd8 18. Kh1 Qh5 19. e5 Bh4 20. exd6 Qxh6 21.
dxe7 Rd7 22. Qe3 Rxe7 23. Qh3 Qxf4 24. Rf1 Qe4 25. Nf3 g5 26. Nxh4 Qxh4 27.
Bxf7+ Rxf7 28. Rce1+ Kd8 29. Rd1+ Nd7 30. Qe6 Rxf1+ 31. Rxf1 Qe4 0-1

[Event "Monarch Assurance Isle of Man 10th"]
[Site "Port Erin IOM"]
[Date "2001.09.30"]
[Round "2.9"]
[White "Simons, Martin"]
[Black "Baburin, Alexander"]
[Result "0-1"]
[WhiteElo "2215"]
[BlackElo "2584"]
[PlyCount "170"]
[EventDate "2001.09.29"]
[EventType "swiss"]
[EventRounds "9"]
[EventCountry "IOM"]
[SourceTitle "BritBase"]
[SourceDate "2008.07.14"]
[SourceVersion "1"]
[SourceVersionDate "2008.07.14"]
[SourceQuality "2"]

1. e4 Nf6 2. e5 Nd5 3. d4 d6 4. c4 Nb6 5. exd6 exd6 6. Nc3 Be7 7. Bd3 Nc6 8.
Nge2 Bg4 9. f3 Bh5 10. O-O O-O 11. b3 Bf6 12. Be3 Re8 13. Qd2 d5 14. c5 Nc8 15.
Rfe1 Bg6 16. Bxg6 hxg6 17. Rad1 b6 18. cxb6 axb6 19. Bf4 g5 20. Be3 Ra5 21. Rc1
Nd6 22. Bf2 Nf5 23. a4 Nce7 24. g4 Nd6 25. h4 Ng6 26. h5 Nf8 27. Qd3 c6 28. Kg2
Ra7 29. Nd1 Rc7 30. Ne3 g6 31. Bg3 Rce7 32. Nf1 Qd7 33. Rc2 gxh5 34. gxh5 Nf5
35. Bf2 Ne6 36. Rec1 c5 37. dxc5 bxc5 38. Kh1 Ned4 39. Nxd4 Bxd4 40. Bxd4 Nxd4
41. Rg2 Qh3+ 42. Rh2 Qxf3+ 43. Qxf3 Nxf3 44. Rf2 g4 45. Rxc5 Re5 46. Rc7 Rxh5+
47. Kg2 d4 48. b4 d3 49. b5 Re6 50. Kg3 Re4 51. b6 Rb4 52. b7 Kg7 53. Rc4 Rh3+
54. Kg2 Nh4+ 55. Kg1 Rxb7 56. Rxg4+ Ng6 57. Kg2 Rh5 58. Rd2 Rd7 59. Ng3 Rhd5
60. Kf3 Kf6 61. Ne4+ Ke7 62. Rg5 Ne5+ 63. Kf2 Nc4 64. Rxd5 Rxd5 65. Rd1 f5 66.
Nc3 Rd8 67. Rb1 Ke6 68. Rb4 Rc8 69. Nd1 Ke5 70. Ne3 d2 71. Nd1 f4 72. Kf3 Ne3
73. Re4+ Kd5 74. Rxf4 Nxd1 75. Ke2 {players stopped scoring at this point -
the rest is a reconstruction but we are now confident that we have the moves
right...} Nc3+ 76. Kxd2 Ne4+ 77. Ke2 Rc2+ 78. Kd1 Rh2 79. Kc1 Ra2 80. Rh4 Kd4
81. Rh3 Nc3 82. Rh4+ Kd3 83. Rh3+ Kc4 84. Rh4+ Kb3 85. Rb4+ Kxb4 0-1

[Event "Monarch Assurance Isle of Man 10th"]
[Site "Port Erin IOM"]
[Date "2001.09.30"]
[Round "2.10"]
[White "Shaw, John"]
[Black "Collins, Sam IRL"]
[Result "1/2-1/2"]
[WhiteElo "2478"]
[BlackElo "2194"]
[PlyCount "107"]
[EventDate "2001.09.29"]
[EventType "swiss"]
[EventRounds "9"]
[EventCountry "IOM"]
[SourceTitle "BritBase"]
[SourceDate "2008.07.14"]
[SourceVersion "1"]
[SourceVersionDate "2008.07.14"]
[SourceQuality "2"]

1. e4 c5 2. Nc3 e6 3. g3 Nc6 4. Bg2 g6 5. d3 Bg7 6. Be3 d6 7. Qd2 Rb8 8. Nge2
b5 9. O-O Nge7 10. Bh6 O-O 11. Bxg7 Kxg7 12. f4 f5 13. a3 a6 14. Rab1 Bb7 15.
b4 Nd4 16. Nd1 Qb6 17. Kh1 e5 18. Ne3 Nxe2 19. Qxe2 Rbe8 20. fxe5 dxe5 21. exf5
Nxf5 22. Nxf5+ gxf5 {(=)} 23. Rbe1 cxb4 24. axb4 e4 25. dxe4 Rxe4 26. Qh5 Re6
27. Qg5+ Kh8 28. Rxe6 Bxg2+ 29. Kxg2 Qxe6 30. Qd2 Qe4+ 31. Kg1 Re8 32. Rf4 Qe1+
33. Qxe1 Rxe1+ 34. Rf1 Re4 35. c3 Re3 36. Rc1 Re2 37. Ra1 Re6 38. Kf2 Rc6 39.
Ra3 Kg7 40. Ke3 Kf6 41. Kd4 Kg5 42. Kd5 Rh6 43. Ra2 f4 44. gxf4+ Kxf4 45. c4
bxc4 46. Kxc4 Kf3 47. Kb3 Rg6 48. Ka4 h5 49. Ra3+ Kg2 50. h4 Rg4 51. Ka5 Rxh4
52. Rb3 Rf4 53. Kxa6 h4 54. b5 1/2-1/2

[Event "Monarch Assurance Isle of Man 10th"]
[Site "Port Erin IOM"]
[Date "2001.09.30"]
[Round "2.11"]
[White "Howell, David W"]
[Black "Hebden, Mark"]
[Result "0-1"]
[WhiteElo "2193"]
[BlackElo "2559"]
[PlyCount "106"]
[EventDate "2001.09.29"]
[EventType "swiss"]
[EventRounds "9"]
[EventCountry "IOM"]
[SourceTitle "BritBase"]
[SourceDate "2008.07.14"]
[SourceVersion "1"]
[SourceVersionDate "2008.07.14"]
[SourceQuality "2"]

1. e4 e5 2. Nf3 Nc6 3. Bb5 a6 4. Bxc6 dxc6 5. O-O Bd6 6. d4 exd4 7. Qxd4 f6 8.
Be3 Ne7 9. Nbd2 Be6 10. Qc3 Ng6 11. Nd4 Qd7 12. Nxe6 Qxe6 13. Qb3 Qxb3 14. axb3
O-O-O 15. Nc4 Rhe8 16. f3 Bb4 17. c3 Bf8 18. Rfe1 b5 19. Nd2 Kb7 20. b4 c5 21.
Nb3 cxb4 22. Na5+ Kc8 23. Nc6 Rd3 24. cxb4 Ne5 25. Nxe5 Rxe5 26. Rxa6 Bxb4 27.
Re2 Kd7 28. Kf2 Bc5 29. Bxc5 Rxc5 30. Ra8 Ke7 31. Rg8 Kf7 32. Rb8 Rd4 33. Ke3
Rd7 34. Rd2 Rxd2 35. Kxd2 c6 36. Rb7+ Kg6 37. Rc7 h5 38. f4 Rc4 39. g3 Rb4 40.
Rxc6 Rxb2+ 41. Rc2 Rb1 42. Rc1 Rxc1 43. Kxc1 Kf7 44. Kc2 Ke6 45. Kc3 Kd6 46.
Kd4 Kc6 47. h3 Kd6 48. g4 hxg4 49. hxg4 g6 50. Kd3 g5 51. e5+ Ke6 52. exf6 gxf4
53. Ke4 b4 0-1

[Event "Monarch Assurance Isle of Man 10th"]
[Site "Port Erin IOM"]
[Date "2001.09.30"]
[Round "2.12"]
[White "Hillarp Persson, Tiger"]
[Black "Spence, David J"]
[Result "1-0"]
[WhiteElo "2438"]
[BlackElo "2185"]
[PlyCount "71"]
[EventDate "2001.09.29"]
[EventType "swiss"]
[EventRounds "9"]
[EventCountry "IOM"]
[SourceTitle "BritBase"]
[SourceDate "2008.07.14"]
[SourceVersion "1"]
[SourceVersionDate "2008.07.14"]
[SourceQuality "2"]

1. e4 e6 2. Qe2 c5 3. Nf3 Nc6 4. g3 Nge7 5. h4 d6 6. c3 e5 7. d3 Bg4 8. Nbd2
Qd7 9. Nc4 h6 10. Bg2 g6 11. Ne3 Be6 12. h5 Bg7 13. hxg6 fxg6 14. a3 Na5 15.
Nd2 Nac6 16. b4 b6 17. Rb1 Nd8 18. Nd5 Rc8 19. Nc4 Nf7 20. Bd2 Qd8 21. Nce3
Nxd5 22. exd5 Bd7 23. Be4 g5 24. Qh5 Qf6 25. Ng4 Bxg4 26. Qxg4 O-O 27. c4 Nh8
28. O-O Ng6 29. Rbe1 Kh8 30. Re3 Rg8 31. Rf3 Nf4 32. gxf4 gxf4 33. Kh1 cxb4 34.
axb4 b5 35. c5 dxc5 36. Rg1 1-0

[Event "Monarch Assurance Isle of Man 10th"]
[Site "Port Erin IOM"]
[Date "2001.09.30"]
[Round "2.13"]
[White "Cherniaev, Alexander"]
[Black "Valenti, Richard"]
[Result "1-0"]
[WhiteElo "2437"]
[BlackElo "2143"]
[PlyCount "47"]
[EventDate "2001.09.29"]
[EventType "swiss"]
[EventRounds "9"]
[EventCountry "IOM"]
[SourceTitle "BritBase"]
[SourceDate "2008.07.14"]
[SourceVersion "1"]
[SourceVersionDate "2008.07.14"]
[SourceQuality "2"]

1. e4 g6 2. d4 Bg7 3. c3 d5 4. exd5 Qxd5 5. Be2 Bf5 6. Nd2 c5 7. Bf3 Qd7 8.
dxc5 Nf6 9. Ne2 O-O 10. O-O Rd8 11. Nd4 e5 12. Nxf5 gxf5 13. Nc4 Qc7 14. Nd6
Nc6 15. Bg5 Rd7 16. Bxc6 Qxc6 17. Bxf6 Bxf6 18. Qh5 Qxc5 19. Nxf5 Rad8 20. Rae1
Qc4 21. Re3 Rd3 22. b3 Qe6 23. c4 Kh8 24. Nh6 1-0

[Event "Monarch Assurance Isle of Man 10th"]
[Site "Port Erin IOM"]
[Date "2001.09.30"]
[Round "2.14"]
[White "Goodger, Martyn"]
[Black "Arakhamia-Grant, Ketevan"]
[Result "1-0"]
[WhiteElo "2136"]
[BlackElo "2446"]
[PlyCount "119"]
[EventDate "2001.09.29"]
[EventType "swiss"]
[EventRounds "9"]
[EventCountry "IOM"]
[SourceTitle "BritBase"]
[SourceDate "2008.07.14"]
[SourceVersion "1"]
[SourceVersionDate "2008.07.14"]
[SourceQuality "2"]

1. e4 g6 2. d4 Bg7 3. Nc3 d6 4. Be3 a6 5. Qd2 b5 6. Nf3 Nd7 7. a4 b4 8. Ne2 a5
9. c3 bxc3 10. Nxc3 Bb7 11. Bd3 e6 12. Rc1 Ngf6 13. O-O O-O 14. Rfe1 Qb8 15.
Bh6 Rc8 16. Bxg7 Kxg7 17. Qf4 Nh5 18. Qe3 c5 19. Bb5 cxd4 20. Nxd4 Nc5 21. f3
e5 22. Nf5+ gxf5 23. Qg5+ Kh8 24. Qxh5 fxe4 25. Qh6 Rg8 26. Qf6+ Rg7 27. Nxe4
Bxe4 28. fxe4 Kg8 29. Rcd1 Ne6 30. Rd3 Qb6+ 31. Kh1 Rc8 32. Rg3 Rg6 33. Rxg6+
hxg6 34. Bd7 Qd8 35. Qxd8+ Rxd8 36. Bxe6 fxe6 37. Re3 Rb8 38. b3 Rc8 39. h4 Kf7
40. Kh2 Kf6 41. Rf3+ Ke7 42. Rg3 Rb8 43. Rxg6 Rxb3 44. h5 Kf7 45. Rg3 Rb4 46.
h6 Rxe4 47. Kh3 Rc4 48. Rg7+ Kf6 49. g4 e4 50. g5+ Kf5 51. h7 Rc1 52. Kg2 Rc2+
53. Kg1 Rc1+ 54. Kg2 Rc2+ 55. Kf1 Rh2 56. g6 e3 57. Rg8 Ke4 58. h8=Q Rf2+ 59.
Kg1 Kd3 60. Rd8 1-0

[Event "Monarch Assurance Isle of Man 10th"]
[Site "Port Erin IOM"]
[Date "2001.09.30"]
[Round "2.15"]
[White "Afek, Yochanan"]
[Black "Coathup, Roger"]
[Result "1-0"]
[WhiteElo "2381"]
[BlackElo "2130"]
[PlyCount "43"]
[EventDate "2001.09.29"]
[EventType "swiss"]
[EventRounds "9"]
[EventCountry "IOM"]
[SourceTitle "BritBase"]
[SourceDate "2008.07.14"]
[SourceVersion "1"]
[SourceVersionDate "2008.07.14"]
[SourceQuality "2"]

1. e4 c5 2. Nf3 e6 3. c3 Nf6 4. e5 Nd5 5. d4 cxd4 6. cxd4 b6 7. Bc4 Bb7 8. O-O
d6 9. Qe2 Nd7 10. Bxd5 Bxd5 11. Nc3 Bxf3 12. Qxf3 d5 13. Qg3 a6 14. Bg5 Qb8 15.
Rac1 g6 16. h4 h6 17. Bf4 Be7 18. Nxd5 exd5 19. e6 Qd8 20. exd7+ Qxd7 21. Rfe1
g5 22. Bd6 1-0

[Event "Monarch Assurance Isle of Man 10th"]
[Site "Port Erin IOM"]
[Date "2001.09.30"]
[Round "2.16"]
[White "May, Frank"]
[Black "McNab, Colin"]
[Result "0-1"]
[WhiteElo "2125"]
[BlackElo "2437"]
[PlyCount "50"]
[EventDate "2001.09.29"]
[EventType "swiss"]
[EventRounds "9"]
[EventCountry "IOM"]
[SourceTitle "BritBase"]
[SourceDate "2008.07.14"]
[SourceVersion "1"]
[SourceVersionDate "2008.07.14"]
[SourceQuality "2"]

1. c4 e5 2. Nf3 d6 3. d4 Nd7 4. Nc3 g6 5. Bg5 f6 6. Bd2 Bg7 7. e4 Nh6 8. dxe5
dxe5 9. Be2 c6 10. O-O Qe7 11. Rb1 O-O 12. b4 Rd8 13. Qc1 Nf7 14. Be3 f5 15.
exf5 gxf5 16. Ng5 f4 17. Nxf7 Qxf7 18. Bd2 Nf6 19. g3 Be6 20. c5 Kh8 21. a4 Rd4
22. f3 fxg3 23. hxg3 Qg6 24. Kg2 Rg8 25. Rg1 Bh6 0-1

[Event "Monarch Assurance Isle of Man 10th"]
[Site "Port Erin IOM"]
[Date "2001.09.30"]
[Round "2.17"]
[White "Kirsanov, Oleg"]
[Black "Bolt, Graham"]
[Result "1-0"]
[WhiteElo "2365"]
[BlackElo "2124"]
[PlyCount "41"]
[EventDate "2001.09.29"]
[EventType "swiss"]
[EventRounds "9"]
[EventCountry "IOM"]
[SourceTitle "BritBase"]
[SourceDate "2008.07.14"]
[SourceVersion "1"]
[SourceVersionDate "2008.07.14"]
[SourceQuality "2"]

1. d4 Nf6 2. c4 g6 3. Nc3 d5 4. cxd5 Nxd5 5. Bd2 Bg7 6. e4 Nxc3 7. Bxc3 O-O 8.
Rc1 c6 9. Nf3 Bg4 10. Be2 e6 11. a4 Nd7 12. O-O Nf6 13. h3 Bxf3 14. Bxf3 Qd7
15. Qb3 Rfd8 16. a5 Ne8 17. Rfd1 Nd6 18. d5 Bxc3 19. dxc6 Qxc6 20. Rxc3 Qb5 21.
Rxd6 1-0

[Event "Monarch Assurance Isle of Man 10th"]
[Site "Port Erin IOM"]
[Date "2001.09.30"]
[Round "2.18"]
[White "Sowray, Peter J"]
[Black "McNally, Bruce"]
[Result "1-0"]
[WhiteElo "2334"]
[BlackElo "2010"]
[PlyCount "43"]
[EventDate "2001.09.29"]
[EventType "swiss"]
[EventRounds "9"]
[EventCountry "IOM"]
[SourceTitle "BritBase"]
[SourceDate "2008.07.14"]
[SourceVersion "1"]
[SourceVersionDate "2008.07.14"]
[SourceQuality "2"]

1. e4 e6 2. d4 d5 3. Nc3 dxe4 4. Nxe4 Be7 5. Nf3 Nf6 6. Nxf6+ Bxf6 7. Bd3 c5 8.
dxc5 Qa5+ 9. Nd2 Qxc5 10. Ne4 Qc7 11. Nxf6+ gxf6 12. O-O Bd7 13. Qf3 Bc6 14.
Qxf6 Rg8 15. Bg5 h6 16. Qxh6 Qe5 17. f4 Qd4+ 18. Rf2 Nd7 19. Re1 Bd5 20. f5 e5
21. Bb5 f6 22. Qxf6 1-0

[Event "Monarch Assurance Isle of Man 10th"]
[Site "Port Erin IOM"]
[Date "2001.09.30"]
[Round "2.19"]
[White "Isherwood, Paul"]
[Black "Marusenko, Petr"]
[Result "0-1"]
[WhiteElo "2172"]
[BlackElo "2362"]
[PlyCount "74"]
[EventDate "2001.09.29"]
[EventType "swiss"]
[EventRounds "9"]
[EventCountry "IOM"]
[SourceTitle "BritBase"]
[SourceDate "2008.07.14"]
[SourceVersion "1"]
[SourceVersionDate "2008.07.14"]
[SourceQuality "2"]

1. e4 c6 2. d4 d5 3. exd5 cxd5 4. c4 Nf6 5. Nc3 Nc6 6. c5 g6 7. Nf3 Bg7 8. Bb5
O-O 9. Bf4 Bg4 10. Bxc6 bxc6 11. h3 Bxf3 12. Qxf3 Nd7 13. O-O-O e5 14. dxe5
Nxe5 15. Qg3 Nc4 16. Rhe1 Qa5 17. Re2 Nxb2 18. Kxb2 Qb4+ 19. Kc2 Bxc3 20. Qxc3
Qxf4 21. Rd4 Qf5+ 22. Qd3 Qf6 23. f4 Rab8 24. g4 Rb5 25. Qc3 Rfb8 26. Kd3 Rb1
27. Ra4 Rd1+ 28. Rd2 Qxc3+ 29. Kxc3 Rc1+ 30. Kd4 Re8 31. Kd3 Rh1 32. Ra6 Rxh3+
33. Kc2 Rc8 34. Rd3 Rxd3 35. Kxd3 Rc7 36. Kd4 f6 37. g5 Kg7 0-1

[Event "Monarch Assurance Isle of Man 10th"]
[Site "Port Erin IOM"]
[Date "2001.09.30"]
[Round "2.20"]
[White "Hanley, Craig A"]
[Black "Crouch, Colin"]
[Result "1-0"]
[WhiteElo "2278"]
[BlackElo "2407"]
[PlyCount "81"]
[EventDate "2001.09.29"]
[EventType "swiss"]
[EventRounds "9"]
[EventCountry "IOM"]
[SourceTitle "BritBase"]
[SourceDate "2008.07.14"]
[SourceVersion "1"]
[SourceVersionDate "2008.07.14"]
[SourceQuality "2"]

1. c4 Nf6 2. Nc3 e6 3. e4 d5 4. e5 d4 5. exf6 dxc3 6. bxc3 Qxf6 7. d4 e5 8. Nf3
Nc6 9. Bg5 Qg6 10. d5 Nb8 11. Bd3 Bf5 12. Qa4+ c6 13. Bxf5 Qxf5 14. O-O f6 15.
Be3 Qd7 16. Rab1 cxd5 17. Qxd7+ Kxd7 18. Rxb7+ Kc6 19. Rfb1 Bc5 20. cxd5+ Kxd5
21. R1b5 Rc8 22. Nd2 Na6 23. Ra5 Kc6 24. Rxg7 Bxe3 25. fxe3 Kb6 26. Ra3 Rd8 27.
Nc4+ Kb5 28. Ra5+ Kxc4 29. Rxa6 Rd1+ 30. Kf2 Kxc3 31. Raxa7 Rad8 32. Rgc7+ Kb2
33. Rab7+ Ka1 34. Rc2 h5 35. Rh7 Rh1 36. Rxh5 Rdd1 37. Kf3 Rhf1+ 38. Rf2 e4+
39. Kg3 Rfe1 40. Kf4 Rd3 41. Rh3 1-0